LEADER 00647nam a2200181 i 4500 001 000000231531 003 CaOOAMICUS 005 20231013122120.0 008 140801s1869 it u000 u ita u 013 $a210434 040 $aSeMil$bita 245 10$aVol. 5. 300 $a592 p. 773 0 $aCornelius : a Lapide $tTesori di Cornelio Alapide.$dParma : Pietro Fiaccadori, 1869-1870.$kNuova biblioteca di civile e cristiana sapienza$g5$w()30257 850 $aSeMil 852 $aSeMil$W1$xVenegono$y1$m2W II 128 FA$j181877$B181877$CSeMilBibl$Z2$F192739 $8I 996 $6245$aVol. 5$9(OLS)http://semarc/title/108696 LEADER 01011naa a2200193 i 4500 001 000000307027 003 CaOOAMICUS 005 20180831172908.0 008 180831n it u000 u ita u 013 $a15617 040 $aSeMil$bita 100 1 $aLongatti, Alessandro.$0(OLS)http://semarc/name/87693 245 10$aAttaccamento, fondamentalismo religioso e autoritarismo :$bconfronto tra gruppi cristiani. 650 4$aFondamentalismo religioso.$0(OLS)http://semarc/subject/7760 650 4$aAutoritarismo religioso.$0(OLS)http://semarc/subject/43587 700 1 $aRossi, Germano.$0(OLS)http://semarc/name/25888 700 1 $aMattioli, Roberto.$0(OLS)http://semarc/name/87694 773 0 $tPsicologia della religione e teoria dell'attaccamento.$dRoma : Aracne, 2009.$kA10 : scienze dell'antichità, filologico-letterarie e storico-artistiche$z978-88-548-2468-3$gp.59-70$w()130991 996 $6245$aAttaccamento, fondamentalismo religioso e autoritarismo :$bconfronto tra gruppi cristiani$9(OLS)http://semarc/title/382425